Legislatíva týkajúca sa chránených zemepisných označení pre liehoviny
Salvato in:
| Autore principale: | |
|---|---|
| Natura: | Capitolo di libro |
| Lingua: | slovacco |
| Soggetti: | |
| Tags: |
Nessun Tag, puoi essere il primo ad aggiungerne!!
|
MARC
| LEADER | 00000nla a2200000 4500 | ||
|---|---|---|---|
| 001 | 0228768 | ||
| 005 | 20240502073750.2 | ||
| 041 | 0 | |a slo | |
| 044 | |a SK | ||
| 245 | 1 | 0 | |a Legislatíva týkajúca sa chránených zemepisných označení pre liehoviny |c Malgorzata A. Jarossová |
| 610 | 2 | 0 | |a nápoje alkoholické |
| 610 | 2 | 0 | |a kvalita výrobkov |
| 610 | 2 | 0 | |a registrácia |
| 610 | 2 | 0 | |a označovanie tovarov |
| 610 | 2 | 0 | |a pôvod tovaru |
| 610 | 2 | 0 | |a Európska únia |
| 610 | 2 | 0 | |a regióny |
| 610 | 2 | 0 | |a legislatíva |
| 100 | 1 | |a Jarossová, Malgorzata Agnieszka, 1978- | |